[Event "6I Torneo Ciudad de Pontevedra 2018"]
[Site "Pontevedra ESP"]
[Date "2018.08.14"]
[Round "9.9"]
[White "Dionisi, Thomas"]
[Black "Khamrakulov, Ibragim S"]
[Result "1/2-1/2"]
[WhiteElo "2403"]
[BlackElo "2430"]
[PlyCount "87"]
[EventDate "2018.08.08"]
[EventType "swiss"]
[EventRounds "9"]
[EventCountry "ESP"]
[SourceTitle "Ajedrez en Madrid"]
[Source "lmi"]
[SourceDate "2018.08.08"]

1. e4 c5 2. Nf3 e6 3. c3 Nf6 4. e5 Nd5 5. d4 cxd4 6. cxd4 d6 7. Bc4 Nc6 8. O-O
Be7 9. Qe2 O-O 10. Nc3 dxe5 11. dxe5 Nxc3 12. bxc3 Qa5 13. Bd2 Kh8 14. Rfe1 a6
15. Bb3 f6 16. Qe4 Bd7 17. Bf4 Qxc3 18. exf6 Qxf6 19. Bg5 Qf5 20. Qxf5 Rxf5 21.
Bxe7 Nxe7 22. Ne5 Be8 23. Bxe6 Rf6 24. Nd7 Bxd7 25. Bxd7 Nc6 26. Rac1 Rd8 27.
Bxc6 Rxc6 28. Rxc6 bxc6 29. f3 Kg8 30. Re2 Rd3 31. Rc2 Ra3 32. Kf2 Kf7 33. Kg3
h6 34. h4 c5 35. Rxc5 Rxa2 36. Rc7+ Kg8 37. Rc8+ Kh7 38. h5 a5 39. Ra8 a4 40.
Kh2 a3 41. Kg3 Ra1 42. Kh2 a2 43. Kg3 Rh1 44. Rxa2 1/2-1/2

[Event "6I Torneo Ciudad de Pontevedra 2018"]
[Site "Pontevedra ESP"]
[Date "2018.08.14"]
[Round "9.10"]
[White "Cabezas Ayala, Ivan"]
[Black "Horton, Andrew P"]
[Result "1/2-1/2"]
[WhiteElo "2308"]
[BlackElo "2408"]
[PlyCount "67"]
[EventDate "2018.08.08"]
[EventType "swiss"]
[EventRounds "9"]
[EventCountry "ESP"]
[SourceTitle "Ajedrez en Madrid"]
[Source "lmi"]
[SourceDate "2018.08.08"]

1. e4 e5 2. Nf3 Nc6 3. Bb5 a6 4. Ba4 Nf6 5. O-O Be7 6. Re1 b5 7. Bb3 d6 8. c3
O-O 9. h3 Nb8 10. d4 Nbd7 11. Nbd2 Bb7 12. Bc2 Re8 13. a4 Bf8 14. Bd3 c6 15. b4
Qc7 16. Nb3 Nb6 17. axb5 cxb5 18. Bg5 Be7 19. Na5 exd4 20. Nxd4 g6 21. Qf3 Nbd7
22. Qg3 Nh5 23. Qh4 Bxg5 24. Qxg5 Qxc3 25. Nf5 f6 26. Qe3 gxf5 27. Nxb7 Ne5 28.
Be2 Qxe3 29. fxe3 Ng3 30. Nxd6 Red8 31. Nxf5 Nxe4 32. Bf3 Nxf3+ 33. gxf3 Nd6
34. Ne7+ 1/2-1/2

[Event "6I Torneo Ciudad de Pontevedra 2018"]
[Site "Pontevedra ESP"]
[Date "2018.08.14"]
[Round "9.11"]
[White "Samoun, Florent"]
[Black "Calzetta Ruiz, Monica"]
[Result "1-0"]
[WhiteElo "2334"]
[BlackElo "2302"]
[PlyCount "82"]
[EventDate "2018.08.08"]
[EventType "swiss"]
[EventRounds "9"]
[EventCountry "ESP"]
[SourceTitle "Ajedrez en Madrid"]
[Source "lmi"]
[SourceDate "2018.08.08"]

1. e4 c5 2. Nc3 Nc6 3. Bb5 g6 4. f4 Bg7 5. Nf3 Nd4 6. Bc4 e6 7. O-O Ne7 8. Nxd4
cxd4 9. Ne2 O-O 10. d3 d5 11. Bb3 a5 12. a4 Qb6 13. exd5 Nxd5 14. f5 Ne3 15.
Bxe3 dxe3 16. f6 Bh8 17. Qe1 e5 18. Qh4 Ra6 19. Rf3 Bxf6 20. Qe4 Bf5 21. Qxe3
e4 22. Qxb6 Rxb6 23. dxe4 Bxe4 24. Rf4 Bxb2 25. Ra2 Bxc2 26. Bxc2 Rd8 27. Kf1
Rd2 28. Rc4 Kg7 29. Ke1 Rd7 30. Be4 f5 31. Bf3 Re7 32. Rc2 Be5 33. Kf2 Rb4 34.
Rc5 b6 35. Rc6 h5 36. g3 h4 37. Rac2 hxg3+ 38. hxg3 Rxa4 39. Rxb6 g5 40. Rcc6
g4 41. Bd5 Kh8 1-0

[Event "6I Torneo Ciudad de Pontevedra 2018"]
[Site "Pontevedra ESP"]
[Date "2018.08.14"]
[Round "9.12"]
[White "Villar Perez, Samuel"]
[Black "Rodriguez Lopez, Rafael"]
[Result "1/2-1/2"]
[WhiteElo "2170"]
[BlackElo "2312"]
[PlyCount "117"]
[EventDate "2018.08.08"]
[EventType "swiss"]
[EventRounds "9"]
[EventCountry "ESP"]
[SourceTitle "Ajedrez en Madrid"]
[Source "lmi"]
[SourceDate "2018.08.08"]

1. d4 Nf6 2. c4 e6 3. Nf3 d5 4. Nc3 c6 5. e3 Nbd7 6. Bd3 dxc4 7. Bxc4 b5 8. Bd3
Bb7 9. a3 Bd6 10. e4 e5 11. O-O O-O 12. Bc2 a6 13. Bg5 h6 14. Bh4 Re8 15. Re1
Qc7 16. dxe5 Nxe5 17. Bxf6 gxf6 18. Nxe5 fxe5 19. Qg4+ Kh8 20. Re3 Rg8 21. Qh5
Rg6 22. Rg3 Rag8 23. Rd1 Bf8 24. Bb3 Bc8 25. Rxg6 Rxg6 26. h3 Kg7 27. Ne2 Bc5
28. Rd3 Rf6 29. Rg3+ Kf8 30. Rf3 Qd6 31. Bxf7 Rxf3 32. Qxf3 Kg7 33. Ng3 Qf6 34.
Qxf6+ Kxf6 35. Be8 Bd4 36. Bxc6 Bxb2 37. a4 b4 38. Bd5 Be6 39. Kf1 Bd4 40. Ke2
b3 41. Kd3 Bxf2 42. Bxe6 Kxe6 43. Nf5 h5 44. Kc3 h4 45. Kxb3 Kf6 46. Kc4 Kg5
47. Kd5 Kf4 48. a5 Be1 49. Ne7 Bxa5 50. Ng6+ Kg3 51. Kxe5 Bd8 52. Kd6 Kxg2 53.
e5 Kxh3 54. e6 a5 55. Kc5 Kg4 56. Nxh4 Kxh4 57. Kb5 Kg5 58. e7 Bxe7 59. Kxa5
1/2-1/2

[Event "6I Torneo Ciudad de Pontevedra 2018"]
[Site "Pontevedra ESP"]
[Date "2018.08.14"]
[Round "9.13"]
[White "Costa, Paulo"]
[Black "Krutti, Valer"]
[Result "1/2-1/2"]
[WhiteElo "2170"]
[BlackElo "2312"]
[PlyCount "25"]
[EventDate "2018.08.08"]
[EventType "swiss"]
[EventRounds "9"]
[EventCountry "ESP"]
[SourceTitle "Ajedrez en Madrid"]
[Source "lmi"]
[SourceDate "2018.08.08"]

1. Nf3 d5 2. g3 Nf6 3. Bg2 c6 4. O-O Bg4 5. d3 Nbd7 6. Nbd2 e5 7. e4 Bd6 8. Qe1
O-O 9. h3 Bh5 10. Nh4 Re8 11. Nf5 Bf8 12. a4 Nc5 13. b3 1/2-1/2

[Event "6I Torneo Ciudad de Pontevedra 2018"]
[Site "Pontevedra ESP"]
[Date "2018.08.14"]
[Round "9.14"]
[White "Senlle Caride, Miguel"]
[Black "Prado Lobo, Jonas"]
[Result "1-0"]
[WhiteElo "2311"]
[BlackElo "2143"]
[PlyCount "105"]
[EventDate "2018.08.08"]
[EventType "swiss"]
[EventRounds "9"]
[EventCountry "ESP"]
[SourceTitle "Ajedrez en Madrid"]
[Source "lmi"]
[SourceDate "2018.08.08"]

1. Nf3 d5 2. g3 Nc6 3. Bg2 e5 4. d3 Nf6 5. O-O Bg4 6. c4 Be7 7. cxd5 Nxd5 8.
Nc3 Nxc3 9. bxc3 O-O 10. Rb1 Rb8 11. Qa4 Qd7 12. Ba3 Bxa3 13. Qxa3 Bh3 14. Bxh3
Qxh3 15. Qa4 Rfd8 16. Qc4 Rd6 17. Qxf7+ Kxf7 18. Ng5+ Ke7 19. Nxh3 b5 20. Ng5
Nd8 21. a4 h6 22. Nf3 Rdb6 23. Nxe5 bxa4 24. Ra1 Ra6 25. Ra3 Rb2 26. Rfa1 Rxe2
27. d4 Rf6 28. Ng4 Rf3 29. c4 Rxa3 30. Rxa3 Ne6 31. Rxa4 Rc2 32. d5 Nd4 33. Ne3
Rc1+ 34. Kg2 Nc2 35. Nf5+ Kf6 36. g4 Ne1+ 37. Kg3 Rc3+ 38. Ne3 Nc2 39. Kf4 Nxe3
40. fxe3 a5 41. h4 Rc1 42. g5+ hxg5+ 43. hxg5+ Kg6 44. Rxa5 Rxc4+ 45. e4 Rc1
46. Ra6+ Kh5 47. Rc6 Rf1+ 48. Ke5 Rf7 49. Ke6 Kg6 50. e5 Rf8 51. Ke7+ Kh7 52.
Kxf8 g6 53. Rc1 1-0

[Event "6I Torneo Ciudad de Pontevedra 2018"]
[Site "Pontevedra ESP"]
[Date "2018.08.14"]
[Round "9.15"]
[White "Galiana Fernandez, Adrian"]
[Black "Perez Carballo, David"]
[Result "1-0"]
[WhiteElo "2291"]
[BlackElo "2090"]
[PlyCount "35"]
[EventDate "2018.08.08"]
[EventType "swiss"]
[EventRounds "9"]
[EventCountry "ESP"]
[SourceTitle "Ajedrez en Madrid"]
[Source "lmi"]
[SourceDate "2018.08.08"]

1. d4 e6 2. c4 b6 3. e4 Bb7 4. Nc3 Bb4 5. f3 f5 6. exf5 Nh6 7. fxe6 Nf5 8. Bf4
O-O 9. Qd3 dxe6 10. O-O-O Nc6 11. d5 Bxc3 12. dxc6 Bxb2+ 13. Kxb2 Bxc6 14. Qxd8
Raxd8 15. Rxd8 Rxd8 16. Ne2 Rd1 17. Nc3 Re1 18. Bd2 1-0

[Event "6I Torneo Ciudad de Pontevedra 2018"]
[Site "Pontevedra ESP"]
[Date "2018.08.14"]
[Round "9.16"]
[White "Praveen, Kumar C"]
[Black "Gil Reguera, Juan Carlos"]
[Result "1-0"]
[WhiteElo "2238"]
[BlackElo "2085"]
[PlyCount "83"]
[EventDate "2018.08.08"]
[EventType "swiss"]
[EventRounds "9"]
[EventCountry "ESP"]
[SourceTitle "Ajedrez en Madrid"]
[Source "lmi"]
[SourceDate "2018.08.08"]

1. d4 Nf6 2. c4 g6 3. Nc3 Bg7 4. e4 d6 5. Bd3 Nbd7 6. Nge2 O-O 7. O-O c5 8. h3
cxd4 9. Nxd4 Nc5 10. Bc2 a5 11. Be3 Bd7 12. Nb3 Na4 13. Nxa4 Bxa4 14. Qd2 Bc6
15. f3 Nd7 16. Nd4 Nc5 17. Rab1 Qd7 18. Rfd1 Rfc8 19. Ne2 Qe8 20. Nc3 Na4 21.
Bxa4 Bxa4 22. b3 Bc6 23. Bd4 Qf8 24. a3 Bxd4+ 25. Qxd4 Qg7 26. Qe3 Qe5 27. Nd5
Bxd5 28. Rxd5 Qf6 29. a4 Ra6 30. Rb5 Rc7 31. Rd1 Kg7 32. Rdd5 e6 33. Rd1 Qe7
34. f4 Rc5 35. e5 Rcc6 36. exd6 Rxd6 37. Rxd6 Rxd6 38. Rxa5 Qd7 39. Rb5 Kg8 40.
Qe4 b6 41. a5 bxa5 42. Rxa5 1-0

[Event "6I Torneo Ciudad de Pontevedra 2018"]
[Site "Pontevedra ESP"]
[Date "2018.08.14"]
[Round "9.17"]
[White "Garcia Sobrino, David"]
[Black "Fernandes, Ricardo Paulos"]
[Result "0-1"]
[WhiteElo "2211"]
[BlackElo "2024"]
[PlyCount "76"]
[EventDate "2018.08.08"]
[EventType "swiss"]
[EventRounds "9"]
[EventCountry "ESP"]
[SourceTitle "Ajedrez en Madrid"]
[Source "lmi"]
[SourceDate "2018.08.08"]

1. e4 c5 2. Nf3 d6 3. Bb5+ Bd7 4. Bxd7+ Nxd7 5. O-O g6 6. c3 Bg7 7. d4 e6 8.
Na3 Ne7 9. Bf4 e5 10. Bg3 O-O 11. Qb3 cxd4 12. cxd4 exd4 13. Bxd6 Nb6 14. e5
Re8 15. Nb5 Nf5 16. Nc7 Nxd6 17. exd6 Qxd6 18. Nxa8 Rxa8 19. Rad1 Rd8 20. Rd2
Qf4 21. Rfd1 g5 22. g3 Qg4 23. Re1 Bf6 24. Ne5 Bxe5 25. Rxe5 h6 26. Qb5 Qc8 27.
Rde2 Kf8 28. Re7 d3 29. R2e3 d2 30. Qe5 d1=Q+ 31. Re1 Qd4 32. Rxf7+ Kxf7 33.
Qe7+ Kg8 34. Re6 Qc1+ 35. Kg2 Qd5+ 36. Kh3 Qf1+ 37. Kg4 Qfd1+ 38. Kh3 Qh5# 0-1

[Event "6I Torneo Ciudad de Pontevedra 2018"]
[Site "Pontevedra ESP"]
[Date "2018.08.14"]
[Round "9.18"]
[White "Torrado Quintela, Julio"]
[Black "Cinza Lopez, Javier"]
[Result "1-0"]
[WhiteElo "2195"]
[BlackElo "2009"]
[PlyCount "46"]
[EventDate "2018.08.08"]
[EventType "swiss"]
[EventRounds "9"]
[EventCountry "ESP"]
[SourceTitle "Ajedrez en Madrid"]
[Source "lmi"]
[SourceDate "2018.08.08"]

1. e4 d5 2. exd5 Qxd5 3. Nc3 Qa5 4. d4 Nf6 5. Nf3 Bg4 6. h3 Bh5 7. g4 Bg6 8.
Ne5 c6 9. Bg2 e6 10. O-O Be7 11. h4 h5 12. Nxg6 fxg6 13. g5 Nd5 14. Qd3 Kf7 15.
Be4 Rf8 16. Nxd5 cxd5 17. Bxg6+ Kg8 18. Qe2 Rd8 19. Qxh5 Bb4 20. Bf4 e5 21.
Bxe5 Rd7 22. Qh7+ Kf8 23. Qh8+ Ke7 1-0

[Event "6I Torneo Ciudad de Pontevedra 2018"]
[Site "Pontevedra ESP"]
[Date "2018.08.14"]
[Round "9.19"]
[White "Fernandez Garcia, Gumersindo"]
[Black "Rebole Arbea, Jose Ignacio"]
[Result "0-1"]
[WhiteElo "1980"]
[BlackElo "2143"]
[PlyCount "45"]
[EventDate "2018.08.08"]
[EventType "swiss"]
[EventRounds "9"]
[EventCountry "ESP"]
[SourceTitle "Ajedrez en Madrid"]
[Source "lmi"]
[SourceDate "2018.08.08"]

1. d4 d5 2. c4 e6 3. Nc3 f5 4. Nf3 Nf6 5. Bf4 c6 6. e3 Be7 7. Bd3 O-O 8. Qc2
Kh8 9. h3 Ne4 10. g4 Nd7 11. gxf5 Ndf6 12. fxe6 Bxe6 13. Bxe4 Nxe4 14. Nxe4
dxe4 15. Ne5 Bb4+ 16. Ke2 Qe8 17. Rag1 Qh5+ 18. Ng4 b5 19. c5 Rad8 20. Bd6 Rf3
21. b3 Rxh3 22. Qxe4 Bxg4+ 23. f3 0-1

[Event "6I Torneo Ciudad de Pontevedra 2018"]
[Site "Pontevedra ESP"]
[Date "2018.08.14"]
[Round "9.20"]
[White "Van der Veen, Ronald"]
[Black "Andias, Joao Pedro Menezes"]
[Result "0-1"]
[WhiteElo "1984"]
[BlackElo "2036"]
[PlyCount "80"]
[EventDate "2018.08.08"]
[EventType "swiss"]
[EventRounds "9"]
[EventCountry "ESP"]
[SourceTitle "Ajedrez en Madrid"]
[Source "lmi"]
[SourceDate "2018.08.08"]

1. d4 Nf6 2. c4 e6 3. Nc3 Bb4 4. Qc2 c5 5. e3 O-O 6. Bd3 cxd4 7. exd4 d5 8.
cxd5 Qxd5 9. Nf3 b6 10. Bd2 Bxc3 11. bxc3 Bb7 12. h4 Nbd7 13. Rh3 e5 14. Bf5
exd4 15. cxd4 Ba6 16. Bd3 Rac8 17. Qb1 Bxd3 18. Qxd3 Nc5 19. Qb5 Qe6+ 20. Be3
Nce4 21. Ng5 Qe7 22. h5 Rc2 23. Kf1 Ng4 24. Qd3 Rxf2+ 25. Kg1 Nxg5 26. Rg3 Nxe3
27. Rxe3 Qf6 28. Rae1 Ne6 29. Rg3 h6 30. d5 Nc5 31. Qe3 Rxa2 32. Rf1 Ra1 33.
Rgf3 Rxf1+ 34. Rxf1 Qg5 35. Qd4 Qxh5 36. g4 Qh3 37. Qf4 Qd3 38. d6 Ne6 39. Qh2
Rd8 40. Qf2 Qd4 0-1

[Event "6I Torneo Ciudad de Pontevedra 2018"]
[Site "Pontevedra ESP"]
[Date "2018.08.14"]
[Round "9.21"]
[White "Paiva, Henrique M A Alberg"]
[Black "Forgas Moreno, Yaniela"]
[Result "0-1"]
[WhiteElo "2080"]
[BlackElo "2299"]
[PlyCount "99"]
[EventDate "2018.08.08"]
[EventType "swiss"]
[EventRounds "9"]
[EventCountry "ESP"]
[SourceTitle "Ajedrez en Madrid"]
[Source "lmi"]
[SourceDate "2018.08.08"]

1. b3 e5 2. Bb2 d6 3. e3 g6 4. d4 Bg7 5. Nf3 e4 6. Nfd2 f5 7. c4 Nf6 8. Nc3 O-O
9. Be2 Nc6 10. O-O g5 11. a3 Ne7 12. b4 Be6 13. f3 exf3 14. Nxf3 g4 15. Ne1 Bh6
16. Qd3 d5 17. c5 Bf7 18. g3 Bg5 19. Ng2 h5 20. Rxf5 Nxf5 21. Qxf5 Bh6 22. Rf1
Kg7 23. Bd3 c6 24. Kh1 Qe7 25. Nh4 Ne4 26. Nxe4 dxe4 27. Bxe4 Qxe4+ 28. Qxe4
Bd5 29. Qxd5 Rxf1+ 30. Kg2 cxd5 31. Kxf1 Kf6 32. e4 dxe4 33. d5+ Kf7 34. Nf5
Bf8 35. Ke2 Rd8 36. d6 Ke6 37. Nd4+ Kd7 38. Nf5 b6 39. Bd4 Ke6 40. Ne3 bxc5 41.
bxc5 Rb8 42. Nc4 Rb3 43. Ne5 Rxa3 44. d7 Be7 45. Nc6 Kxd7 46. Nxa7 Ra5 47. c6+
Kc7 48. Kd2 Bg5+ 49. Kc3 Kb8 50. c7+ 0-1

[Event "6I Torneo Ciudad de Pontevedra 2018"]
[Site "Pontevedra ESP"]
[Date "2018.08.14"]
[Round "9.22"]
[White "Vidal Fernandez, Pablo"]
[Black "Lemstra, Bart"]
[Result "1/2-1/2"]
[WhiteElo "2143"]
[BlackElo "1929"]
[PlyCount "67"]
[EventDate "2018.08.08"]
[EventType "swiss"]
[EventRounds "9"]
[EventCountry "ESP"]
[SourceTitle "Ajedrez en Madrid"]
[Source "lmi"]
[SourceDate "2018.08.08"]

1. e4 e5 2. Nf3 Nc6 3. Bb5 a6 4. Ba4 Nf6 5. d4 Nxe4 6. O-O d5 7. Nxe5 Bd7 8.
Nxd7 Qxd7 9. c3 Be7 10. Nd2 Nxd2 11. Bxd2 O-O 12. Qf3 Rad8 13. Rae1 Rfe8 14.
Bc2 g6 15. g3 Bf8 16. Bg5 Ne7 17. Kg2 h6 18. Bd2 Nc8 19. h4 h5 20. Kh2 c6 21.
Rg1 Rxe1 22. Bxe1 Qe7 23. Bd2 Re8 24. Re1 Qd7 25. Rxe8 Qxe8 26. g4 hxg4 27.
Qxg4 Nd6 28. h5 Ne4 29. Bxe4 Qxe4 30. Qxe4 dxe4 31. hxg6 f5 32. Kg3 Kg7 33. Kf4
Kf6 34. Kg3 1/2-1/2

[Event "6I Torneo Ciudad de Pontevedra 2018"]
[Site "Pontevedra ESP"]
[Date "2018.08.14"]
[Round "9.23"]
[White "Alvarez Pampillon, Antonio"]
[Black "Florez Rodriguez, Diego"]
[Result "1-0"]
[WhiteElo "1696"]
[BlackElo "2112"]
[PlyCount "115"]
[EventDate "2018.08.08"]
[EventType "swiss"]
[EventRounds "9"]
[EventCountry "ESP"]
[SourceTitle "Ajedrez en Madrid"]
[Source "lmi"]
[SourceDate "2018.08.08"]

1. d4 Nf6 2. c4 e6 3. Nf3 Bb4+ 4. Bd2 c5 5. Bxb4 cxb4 6. Nbd2 O-O 7. e4 d6 8.
g4 e5 9. h3 Nc6 10. d5 Ne7 11. Bd3 Ng6 12. Rc1 Nf4 13. Bb1 b6 14. Ng1 Nd7 15.
Nb3 a5 16. Ne2 Qf6 17. f3 Ng2+ 18. Kf2 Nh4 19. Qd3 Ba6 20. Qe3 Ng6 21. h4 Rfc8
22. Nd2 Qd8 23. g5 Ne7 24. Ng3 Nc5 25. b3 Ng6 26. Ne2 Rc7 27. h5 Nf8 28. h6 g6
29. Ng1 b5 30. Nh3 bxc4 31. Nxc4 Bxc4 32. Rxc4 Nfd7 33. Rhc1 Qe7 34. Kg2 Rac8
35. Rf1 f6 36. gxf6 Nxf6 37. f4 Nh5 38. f5 Qh4 39. Qg5 Nf4+ 40. Rxf4 Qxg5+ 41.
Nxg5 exf4 42. fxg6 f3+ 43. Nxf3 Na6 44. Rxc7 Nxc7 45. e5 hxg6 46. Bxg6 Nxd5 47.
Kg3 dxe5 48. Nxe5 Nc3 49. Bd3 Rd8 50. Bf5 Re8 51. Nc6 Nxa2 52. Kg4 Kf7 53. Bd3
Re3 54. Kf4 Rh3 55. Kg5 Ke6 56. Bf5+ Kd6 57. Bxh3 a4 58. h7 1-0

[Event "6I Torneo Ciudad de Pontevedra 2018"]
[Site "Pontevedra ESP"]
[Date "2018.08.14"]
[Round "9.24"]
[White "Fernandez Lopez, Ruben"]
[Black "Lopez De Turiso, Jose Angel"]
[Result "1-0"]
[WhiteElo "2106"]
[BlackElo "1990"]
[PlyCount "57"]
[EventDate "2018.08.08"]
[EventType "swiss"]
[EventRounds "9"]
[EventCountry "ESP"]
[SourceTitle "Ajedrez en Madrid"]
[Source "lmi"]
[SourceDate "2018.08.08"]

1. e4 g6 2. d4 Bg7 3. Nc3 c6 4. Bc4 b5 5. Bb3 a5 6. a4 b4 7. Nce2 d5 8. Nf3 e6
9. Ng3 Ba6 10. Bf4 Nd7 11. Qd2 h5 12. h4 Ne7 13. O-O-O c5 14. dxc5 Nxc5 15.
exd5 Nxb3+ 16. cxb3 Nxd5 17. Ne4 O-O 18. Bh6 Qb6 19. Bxg7 Kxg7 20. g4 hxg4 21.
h5 gxf3 22. hxg6 Rh8 23. Rh7+ Rxh7 24. gxh7 Qc7+ 25. Kb1 Qf4 26. Qd4+ f6 27.
Rh1 Qe5 28. Qa7+ Nc7 29. Qxa8 1-0

[Event "6I Torneo Ciudad de Pontevedra 2018"]
[Site "Pontevedra ESP"]
[Date "2018.08.14"]
[Round "9.25"]
[White "Adams, Philip"]
[Black "Gonzalez Perez, Jose Ramon"]
[Result "1/2-1/2"]
[WhiteElo "1982"]
[BlackElo "2074"]
[PlyCount "139"]
[EventDate "2018.08.08"]
[EventType "swiss"]
[EventRounds "9"]
[EventCountry "ESP"]
[SourceTitle "Ajedrez en Madrid"]
[Source "lmi"]
[SourceDate "2018.08.08"]

1. Nf3 Nf6 2. c4 e6 3. g3 b6 4. Bg2 Bb7 5. O-O Be7 6. b3 O-O 7. Bb2 c5 8. Nc3
d6 9. e3 Nbd7 10. Qe2 a6 11. Rad1 Re8 12. Nh4 Bxg2 13. Nxg2 d5 14. d3 b5 15. f4
d4 16. exd4 cxd4 17. Ne4 Nxe4 18. Qxe4 Bc5 19. Kh1 f5 20. Qf3 Nf6 21. Qc6 Qc8
22. Qxc8 Raxc8 23. Rde1 bxc4 24. bxc4 Rb8 25. Re2 Nd7 26. Nh4 Kf7 27. Nf3 h6
28. Bxd4 Bxd4 29. Nxd4 Nc5 30. Nc6 Rb6 31. Ne5+ Kg8 32. d4 Ne4 33. c5 Rb4 34.
Rd1 Nc3 35. Red2 Nxd1 36. Rxd1 Rb2 37. Nc4 Rc2 38. Nb6 Rd8 39. a3 Rxc5 40. dxc5
Rxd1+ 41. Kg2 Rc1 42. Nd7 Rc3 43. Kf2 Kf7 44. c6 Ke7 45. Ne5 Kd6 46. h4 Rxc6
47. Nxc6 Kxc6 48. Ke3 Kd5 49. h5 Kc4 50. a4 a5 51. Ke2 Kd4 52. Kd2 Kc4 53. Kc2
Kd4 54. Kd2 e5 55. fxe5 Kxe5 56. Ke3 Kf6 57. Kf4 g5+ 58. hxg6 Kxg6 59. g4 fxg4
60. Kxg4 Kf6 61. Kh5 Ke5 62. Kxh6 Kd4 63. Kg5 Kc4 64. Kf4 Kb4 65. Ke3 Kxa4 66.
Kd2 Kb3 67. Kc1 Ka2 68. Kc2 a4 69. Kc1 a3 70. Kc2 1/2-1/2

[Event "6I Torneo Ciudad de Pontevedra 2018"]
[Site "Pontevedra ESP"]
[Date "2018.08.14"]
[Round "9.26"]
[White "Levi, Netanel"]
[Black "Otero Nogueira, Brais"]
[Result "1/2-1/2"]
[WhiteElo "1961"]
[BlackElo "2068"]
[PlyCount "176"]
[EventDate "2018.08.08"]
[EventType "swiss"]
[EventRounds "9"]
[EventCountry "ESP"]
[SourceTitle "Ajedrez en Madrid"]
[Source "lmi"]
[SourceDate "2018.08.08"]

1. e4 c5 2. Nf3 g6 3. d4 cxd4 4. Qxd4 Nf6 5. e5 Nc6 6. Qa4 Nd5 7. Qe4 Nb6 8.
Nc3 d5 9. exd6 Bf5 10. dxe7 Bxe7 11. Qf4 O-O 12. Be2 Bxc2 13. O-O Qd6 14. Qh6
Nd4 15. Bf4 Qf6 16. Nxd4 Qxd4 17. Rac1 Bf5 18. Rfd1 Qf6 19. Bf3 Rfe8 20. Bxb7
Rad8 21. Bc7 Rxd1+ 22. Rxd1 Bc5 23. Qf4 g5 24. Qg3 Bg6 25. h3 h5 26. Qf3 Qe6
27. Qc6 Bxf2+ 28. Kh2 g4 29. hxg4 hxg4 30. Qxe8+ Qxe8 31. Rd8 Qxd8 32. Bxd8 Nc4
33. b3 Ne3 34. g3 Bd3 35. Ne4 Be1 36. Bc7 f5 37. Nf6+ Kf7 38. Nd5 Nxd5 39.
Bxd5+ Kf6 40. Bf4 Bb4 41. Kg2 Bc5 42. a4 Bd4 43. b4 Bc2 44. a5 Bd3 45. Bc6 a6
46. Bc7 Ke6 47. Bb6 Kd6 48. Be8 Be4+ 49. Kf1 Bd3+ 50. Kg2 Be4+ 51. Kh2 Bc3 52.
b5 Bd3 53. bxa6 Bxa6 54. Kg2 Ke5 55. Kf2 Ke4 56. Bc6+ Ke5 57. Bg2 Kf6 58. Bf1
Bb7 59. a6 Bxa6 60. Bxa6 Be5 61. Be3 Bc7 62. Bc4 Ba5 63. Bd4+ Kg5 64. Be3+ Kf6
65. Bf4 Bb6+ 66. Ke2 Bc5 67. Bd5 Bb6 68. Kd3 Bf2 69. Bb7 Be1 70. Kd4 Ba5 71.
Kd5 Be1 72. Be5+ Kg5 73. Ke6 Bd2 74. Bf6+ Kg6 75. Bc6 f4 76. Be4+ Kh6 77. Kf7
fxg3 78. Bg2 Bb4 79. Bh4 Ba5 80. Be7 Bc3 81. Bd8 Be5 82. Bh4 Bc7 83. Bf6 Bb8
84. Be7 Be5 85. Ke6 Bc3 86. Kf7 Kh7 87. Bg5 Kh8 88. Bh4 Bb2 1/2-1/2

[Event "6I Torneo Ciudad de Pontevedra 2018"]
[Site "Pontevedra ESP"]
[Date "2018.08.14"]
[Round "9.27"]
[White "Del Prado Rodriguez, Xulio"]
[Black "Santos, Ricardo Alexandre L"]
[Result "0-1"]
[WhiteElo "1671"]
[BlackElo "2010"]
[PlyCount "70"]
[EventDate "2018.08.08"]
[EventType "swiss"]
[EventRounds "9"]
[EventCountry "ESP"]
[SourceTitle "Ajedrez en Madrid"]
[Source "lmi"]
[SourceDate "2018.08.08"]

1. d4 Nf6 2. c4 c5 3. d5 b5 4. cxb5 a6 5. b6 Qxb6 6. Nc3 d6 7. g3 g6 8. Bg2 Bg7
9. e4 O-O 10. Nge2 Nbd7 11. O-O a5 12. h3 Ba6 13. f4 c4+ 14. Kh2 Nc5 15. Be3
Nfd7 16. Na4 Qb4 17. Nxc5 Nxc5 18. Bxc5 Qxc5 19. Nc3 Rab8 20. Qc2 Rb4 21. g4
Rfb8 22. Rab1 Bb5 23. Rfe1 Be8 24. Re2 a4 25. a3 Rb3 26. e5 dxe5 27. fxe5 Bxe5+
28. Rxe5 Qd6 29. Qe4 f6 30. Qxc4 Qxe5+ 31. Kh1 Rxc3 32. bxc3 Rxb1+ 33. Bf1 Bf7
34. Qd3 Bxd5+ 35. Kg1 Rb2 0-1

[Event "6I Torneo Ciudad de Pontevedra 2018"]
[Site "Pontevedra ESP"]
[Date "2018.08.14"]
[Round "9.29"]
[White "Bottazzi, Ulysse"]
[Black "Avelino, Camila Biscaya"]
[Result "1/2-1/2"]
[WhiteElo "1847"]
[BlackElo "1642"]
[PlyCount "83"]
[EventDate "2018.08.08"]
[EventType "swiss"]
[EventRounds "9"]
[EventCountry "ESP"]
[SourceTitle "Ajedrez en Madrid"]
[Source "lmi"]
[SourceDate "2018.08.08"]

1. e4 e5 2. Nf3 Nc6 3. Bb5 a6 4. Ba4 Nf6 5. d4 exd4 6. O-O Be7 7. Re1 O-O 8. e5
Nd5 9. Nxd4 Nb6 10. Bb3 Na5 11. Nf5 d6 12. Nxe7+ Qxe7 13. exd6 Qxd6 14. Qxd6
cxd6 15. Nc3 Nxb3 16. cxb3 Be6 17. Be3 Nd5 18. Nxd5 Bxd5 19. Red1 Bc6 20. Rxd6
Rad8 21. Rad1 Rxd6 22. Rxd6 Re8 23. h4 f6 24. Kh2 Kf7 25. g4 Re6 26. Rd2 Re7
27. Kg3 Rd7 28. Kf4 Rxd2 29. Bxd2 Kg6 30. h5+ Kf7 31. Bc3 Bd5 32. g5 fxg5+ 33.
Kxg5 h6+ 34. Kf4 Bc6 35. Kg4 Bd7+ 36. Kh4 Bf5 37. b4 Bb1 38. a4 Bc2 39. a5 Bd3
40. Bd4 Bb5 41. Bc3 Bd3 42. Bd4 1/2-1/2